000 00667nam a22001937a 4500
999 _c183316
_d183316
005 20211222164416.0
010 _aUR-11382
020 _c125.00
_a9789391238704
035 _aU-9937
037 _bDBAD/PUB
_a-
082 _a808.88
100 _aر ؤ ف خير
245 _aا قبا ل کے فکر و فن کا گر ا ف (تنقيد)
_cر ؤ ف خير
246 _bIqbal Ke Fikr-o-Fun Ka Graph (Urdu)
_aby Raof Khair
260 _aDelhi
_bEducational Publishing House
_c2021 ء
270 _a3191,vakil Street, Kucha Pandit,Lal Kuan,
_bDelhi
_e110006
_k23216162
_l-
300 _a236 ص
_c22 Cm(Hb)
942 _2ddc
_cUR
_h808.88
_mر ؤ ف